Szántó (Seligman) Eleázár életútja, önképe, szerepvállalása
A tanulmány Szántó (Seligman) Eleázár (1829–1893) esettanulmányán keresztül az önazonosság kérdésére fókuszál a 19. században. A neológ tábort erősítő tanító, cikkíró és lapszerkesztő a zsidó társadalmat érő modernizáció hatásaira, a magyar társadalomban lezajló folyamatokra nem csupán reagál, de vá...
Elmentve itt :
| Szerző: | |
|---|---|
| Dokumentumtípus: | Cikk |
| Megjelent: |
2024
|
| Sorozat: | TARGUM: INTERPRETÁCIÓ KOMMENTÁR DISKURZUS
4 No. 5 |
| Tárgyszavak: | |
| doi: | 10.56664/targum.2024.5.4 |
| mtmt: | 35613714 |
| Online Access: | http://publicatio.bibl.u-szeged.hu/35255 |
| LEADER | 01433nab a2200217 i 4500 | ||
|---|---|---|---|
| 001 | publ35255 | ||
| 005 | 20241203101635.0 | ||
| 008 | 241203s2024 hu o 000 hun d | ||
| 022 | |a 2939-5976 | ||
| 024 | 7 | |a 10.56664/targum.2024.5.4 |2 doi | |
| 024 | 7 | |a 35613714 |2 mtmt | |
| 040 | |a SZTE Publicatio Repozitórium |b hun | ||
| 041 | |a hun | ||
| 100 | 1 | |a Mislovics Erzsébet | |
| 245 | 1 | 0 | |a Szántó (Seligman) Eleázár életútja, önképe, szerepvállalása |h [elektronikus dokumentum] / |c Mislovics Erzsébet |
| 260 | |c 2024 | ||
| 300 | |a 44-66 | ||
| 490 | 0 | |a TARGUM: INTERPRETÁCIÓ KOMMENTÁR DISKURZUS |v 4 No. 5 | |
| 520 | 3 | |a A tanulmány Szántó (Seligman) Eleázár (1829–1893) esettanulmányán keresztül az önazonosság kérdésére fókuszál a 19. században. A neológ tábort erősítő tanító, cikkíró és lapszerkesztő a zsidó társadalmat érő modernizáció hatásaira, a magyar társadalomban lezajló folyamatokra nem csupán reagál, de válaszokat fogalmaz meg. A tanulmány a cikkei alapján annak bemutatására törekszik, hogyan értékelte a saját helyzetét és szerepét a magyar és zsidó társadalomban, illetve hogyan fejezte ki a zsidó felekezethez való kötődését, és mennyiben támasztotta ezt alá a kortársai megítélése. | |
| 650 | 4 | |a Filozófia, etika és vallástudományok | |
| 856 | 4 | 0 | |u http://publicatio.bibl.u-szeged.hu/35255/1/Mislovics_Targum_4_Identitas-47-69.pdf |z Dokumentum-elérés |